| 000 | 00832nam a2200289 i 4500 | ||
|---|---|---|---|
| 001 | bg | ||
| 100 | 1 | _aSLATTERY, Terry | |
| 245 | 1 | 0 |
_aAdvanced IP routing in Cisco networks / _cTerry Slattery and Bill Burton. |
| 250 | _a2nd ed. | ||
| 260 |
_aNew York [etc.] : _bMcGraw-Hill, _c2000. |
||
| 300 |
_a624 s. : _brys. ; _c24 cm. |
||
| 490 | 1 | _aMcGraw-Hill Technical Expert | |
| 504 | _aIndeks. | ||
| 650 | 9 |
_aSieć komputerowa _xobsługa i eksploatacja |
|
| 650 | 9 |
_aTransmisja danych _xmetody |
|
| 650 | 9 | _aCisco | |
| 700 | 1 | _aBURTON, Bill | |
| 830 | _aMcGraw-Hill Technical Expert | ||
| 020 | _a0072125918 | ||
| 040 | _cBPK | ||
| 041 | 0 | _aen | |
| 080 | _a004.7 | ||
| 920 | _a0-07-212591-8 | ||
| 942 | _cKS | ||
| 008 | s pl f |000 0 pol | ||
| 999 |
_c39944 _d39944 |
||
| 856 |
_uhttp://koha.tu.koszalin.pl/cgi-bin/koha/opac-detail.pl?biblionumber=39944 _yKatalog online BPK |
||